[Event "ICS Rated standard match"]
[Site "204.178.125.65"]
[Date "2000.02.23"]
[Round "?"]
[White "Hossa"]
[Black "PostModernist"]
[Result "0-1"]
[WhiteElo "2277"]
[BlackElo "2396"]
[PlyCount "188"]

1. e4 c6 2. d4 Na6 3. Nf3 Nc7 4. Be2 d5 5. exd5 cxd5 6. O-O e6 7. c4 dxc4 8.
Bxc4 Bd6 9. Nc3 Ne7 10. Bg5 O-O 11. Qc2 Bd7 12. Bd3 h6 13. Bxe7 Qxe7 14. Rae1
b5 15. Ne5 Bxe5 16. Rxe5 b4 17. Ne4 Nd5 18. Nc5 Rac8 19. Rc1 Qd6 20. Bh7+ Kh8
21. Bd3 Nf6 22. Ba6 Rc7 23. Qc4 Bc8 24. Bxc8 Rfxc8 25. Qxb4 Ng4 26. Rh5 Qf4 27.
Rc2 e5 28. Qe1 exd4 29. b4 Nf6 30. Re5 Ng4 31. Rh5 g6 32. Rh4 Kh7 33. Re2 g5
34. Rh3 Nf6 35. Rd3 Rb8 36. Nb3 Rd7 37. g3 Qf5 38. Rxd4 Rbd8 39. Rxd7 Rxd7 40.
Nc5 Rd4 41. a3 Qd5 42. Qf1 Ng4 43. Na4 Qb3 44. Nb2 Qxa3 45. b5 Rb4 46. Qb1+ Kg7
47. Qf5 Nf6 48. Nd3 Rd4 49. Ne1 Qb4 50. Qe5 Rd5 51. Qa1 Qxb5 52. Re7 a5 53. Ng2
Rc5 54. Ne3 Qc6 55. Nf1 a4 56. Ra7 Rc4 57. Qa3 g4 58. Qe7 Qd5 59. Qe1 Qc5 60.
Qe3 Qf5 61. Qe1 Kg6 62. Ne3 Qe4 63. Ra6 Rc6 64. Rxc6 Qxc6 65. Qb1+ Qe4 66.
Qxe4+ Nxe4 67. Nxg4 a3 68. Ne3 a2 69. Nc2 Kf5 70. f4 Nc5 71. Kg2 Ke4 72. Kf2
Nb3 73. Ke1 Nd4 74. Na1 Kd3 75. Kd1 Kc3 76. g4 Kb2 77. f5 Kxa1 78. Kc1 f6 79.
h3 Nf3 80. Kc2 Ne5 81. Kc1 Nd3+ 82. Kc2 Nf2 83. Kc1 Nxh3 84. Kc2 Nf2 85. g5
hxg5 86. Kc1 g4 87. Kc2 g3 88. Kc3 g2 89. Kd4 g1=Q 90. Kd5 Kb1 91. Ke6 a1=Q 92.
Kd7 Qa6 93. Ke7 Qg7+ 94. Ke8 Qa8# 0-1

[Event "ICS rated blitz match"]
[Site "204.178.125.65"]
[Date "2000.02.23"]
[Round "?"]
[White "Hossa"]
[Black "Wildstyle"]
[Result "1-0"]
[WhiteElo "2317"]
[BlackElo "1958"]
[PlyCount "101"]

1. c4 Nf6 2. Nf3 g6 3. g3 Bg7 4. d4 O-O 5. Bg2 d5 6. cxd5 Nxd5 7. Nc3 Nc6 8. e4
Nb6 9. d5 Na5 10. O-O c6 11. dxc6 Nxc6 12. Bf4 Bg4 13. Rc1 e5 14. Bg5 f6 15.
Qb3+ Kh8 16. Be3 Bxf3 17. Bxf3 Nd4 18. Bxd4 exd4 19. Nb5 Bh6 20. Rcd1 Qe7 21.
Nxd4 Nd7 22. Qxb7 Rab8 23. Qxa7 Ra8 24. Qc7 Rfc8 25. Qb7 Rcb8 26. Qd5 Ne5 27.
Be2 Rd8 28. Qb3 Rab8 29. Qe6 Re8 30. Qxe7 Rxe7 31. b3 Ra7 32. a4 Rab7 33. f4
Nf7 34. Bb5 Bf8 35. Kg2 Nd6 36. e5 Nxb5 37. axb5 fxe5 38. fxe5 Bg7 39. Nc6 Re8
40. Rd5 Kg8 41. g4 Bh6 42. h4 Rf8 43. g5 Rxf1 44. Kxf1 Bf8 45. e6 Be7 46. Rd7
Rxb5 47. Nxe7+ Kf8 48. Nc8 Re5 49. Rf7+ Ke8 50. Nd6+ Kd8 51. Rd7# 1-0

[Event "ICS Rated blitz match"]
[Site "204.178.125.65"]
[Date "2000.02.23"]
[Round "?"]
[White "Wildstyle"]
[Black "Hossa"]
[Result "0-1"]
[WhiteElo "1954"]
[BlackElo "2321"]
[PlyCount "86"]

1. Nf3 c6 2. c4 d5 3. d4 dxc4 4. e3 b5 5. a4 Nd7 6. Nc3 Qb6 7. axb5 cxb5 8. b3
Qc6 9. bxc4 bxc4 10. d5 Qf6 11. Qd4 Nb6 12. Ba3 Qxd4 13. Nxd4 Nf6 14. e4 e6 15.
Bxf8 Kxf8 16. dxe6 Bxe6 17. Nxe6+ fxe6 18. Be2 a5 19. Rb1 Nfd7 20. O-O Ke7 21.
Rb5 a4 22. Rfb1 Ra6 23. R1b4 a3 24. Na2 Rc8 25. Rb1 Rc7 26. Bf3 Nc8 27. e5 Rb6
28. Bd1 Rxb5 29. Rxb5 Rc5 30. Rxc5 Nxc5 31. Be2 Nb6 32. Kf1 Nb3 33. Ke1 Nd4 34.
Kd2 Nxe2 35. Kxe2 Nd5 36. Kd2 Kd7 37. g3 Kc6 38. f4 g6 39. Kc2 Kc5 40. Kb1 Kd4
41. Nc1 Kc3 42. Ka2 Kd2 43. Kb1 Nc3+ 0-1

[Event "ICS rated blitz match"]
[Site "204.178.125.65"]
[Date "2000.02.23"]
[Round "?"]
[White "Hossa"]
[Black "Wildstyle"]
[Result "1/2-1/2"]
[WhiteElo "2324"]
[BlackElo "1951"]
[PlyCount "93"]

1. c4 Nf6 2. Nf3 g6 3. d4 Bg7 4. Nc3 d5 5. cxd5 Nxd5 6. e4 Nxc3 7. bxc3 c5 8.
Bb5+ Bd7 9. Rb1 O-O 10. Bxd7 Qxd7 11. O-O Nc6 12. Qb3 cxd4 13. cxd4 Nxd4 14.
Nxd4 Qxd4 15. Qxb7 Qe5 16. Bb2 Qc5 17. Bxg7 Kxg7 18. Rbc1 Qa3 19. Rc7 Rab8 20.
Qxa7 Qxa7 21. Rxa7 Rb2 22. a4 e6 23. g4 Rd8 24. Kg2 Rd4 25. Kf3 Rbb4 26. a5
Rxe4 27. h3 Rf4+ 28. Kg3 e5 29. Re1 Rb3+ 30. Re3 Rxe3+ 31. fxe3 Ra4 32. Ra6 h6
33. Ra7 Kf6 34. h4 g5 35. h5 Kg7 36. Kf3 e4+ 37. Ke2 Ra2+ 38. Kf1 Ra1+ 39. Kg2
Re1 40. Kf2 Ra1 41. a6 Ra2+ 42. Kf1 Ra1+ 43. Kg2 Ra2+ 44. Kf1 Ra1+ 45. Kg2 Ra2+
46. Kf1 Ra1+ 47. Kg2 1/2-1/2

[Event "ICS rated blitz match"]
[Site "204.178.125.65"]
[Date "2000.02.23"]
[Round "?"]
[White "pdsmd"]
[Black "Hossa"]
[Result "0-1"]
[WhiteElo "2234"]
[BlackElo "2315"]
[PlyCount "56"]

1. e4 c6 2. d4 Na6 3. Nf3 Nc7 4. Nc3 d5 5. Bf4 dxe4 6. Nxe4 Nd5 7. Be5 Ngf6 8.
Bd3 Nxe4 9. Bxe4 Nf6 10. Bxf6 gxf6 11. h3 Qb6 12. b3 f5 13. Bd3 Rg8 14. g3 Qb4+
15. Qd2 Qxd2+ 16. Kxd2 h5 17. Rae1 Bh6+ 18. Kd1 f4 19. gxf4 Rg2 20. Reg1 Rxf2
21. Ne5 e6 22. Rg8+ Ke7 23. f5 exf5 24. Ke1 Be3 25. c3 Rxa2 26. Rf1 f4 27. Bc4
Ra1+ 28. Ke2 Rxf1 0-1

[Event "ICS Rated blitz match"]
[Site "204.178.125.65"]
[Date "2000.02.23"]
[Round "?"]
[White "Hossa"]
[Black "Wildstyle"]
[Result "1-0"]
[WhiteElo "2317"]
[BlackElo "1960"]
[PlyCount "37"]

1. e4 e6 2. d4 d5 3. e5 c5 4. c3 Nc6 5. Nf3 Bd7 6. Be2 Qb6 7. dxc5 Qxc5 8. Be3
Qa5 9. O-O Nge7 10. Nbd2 Qc7 11. Re1 Ng6 12. Bb5 Ncxe5 13. Bxd7+ Nxd7 14. c4
dxc4 15. Qa4 Be7 16. Rac1 O-O 17. Rxc4 Qb8 18. Qxd7 Rd8 19. Qb5 1-0

[Event "ICS rated standard match"]
[Site "204.178.125.65"]
[Date "2000.02.23"]
[Round "?"]
[White "Irs149"]
[Black "Hossa"]
[Result "0-1"]
[WhiteElo "2078"]
[BlackElo "2266"]
[PlyCount "144"]

1. e4 Nf6 2. e5 Nd5 3. c4 Nb6 4. d4 d6 5. exd6 exd6 6. Nc3 Qe7+ 7. Be3 Na6 8.
Nf3 Bg4 9. h3 Bd7 10. c5 dxc5 11. Bxa6 cxd4 12. Bxb7 Rb8 13. Nxd4 Rxb7 14. Qf3
Rb8 15. O-O-O Qf6 16. Qxf6 gxf6 17. Bf4 Rb7 18. Rhe1+ Be7 19. Rd3 Be6 20. Nxe6
fxe6 21. Rxe6 Kf7 22. Rc6 Rg8 23. g3 Na8 24. Nd5 Rd8 25. Kc2 Rd7 26. f3 Bd8 27.
Rcc3 Ke8 28. Rc4 Kf7 29. Kc3 Rb5 30. Nb4 Rxd3+ 31. Nxd3 Nb6 32. Rd4 Be7 33. a4
Rh5 34. h4 c5 35. Re4 c4 36. Rxc4 Nxc4 37. Kxc4 Ra5 38. b3 Ra6 39. Nc5 Bxc5 40.
Kxc5 f5 41. g4 fxg4 42. fxg4 Re6 43. Kd5 Re1 44. Bd6 Rh1 45. Bc5 a6 46. Bf2 Rh2
47. Be1 Re2 48. Ba5 Re3 49. b4 Rc3 50. g5 Kg6 51. Bb6 Ra3 52. a5 Rh3 53. Bf2
Rh2 54. Bg3 Rc2 55. Kd4 Kh5 56. Kd3 Rc1 57. Ke2 Rc4 58. b5 axb5 59. Be1 b4 60.
a6 b3 61. g6 b2 62. gxh7 Rc8 63. Bc3 b1=Q 64. h8=Q+ Rxh8 65. Bxh8 Kxh4 66. Ke3
Qg1+ 67. Ke2 Qg4+ 68. Kf2 Qg5 69. a7 Qc5+ 70. Kg2 Qxa7 71. Be5 Qe3 72. Kf1 Qxe5
0-1

[Event "ICS rated blitz match"]
[Site "204.178.125.65"]
[Date "2000.02.23"]
[Round "?"]
[White "kyrios"]
[Black "Hossa"]
[Result "0-1"]
[WhiteElo "1961"]
[BlackElo "2324"]
[PlyCount "50"]

1. d4 c6 2. e4 d5 3. Nd2 dxe4 4. Nxe4 Nf6 5. Nxf6+ gxf6 6. Bc4 Bf5 7. Ne2 Bg7
8. Ng3 Bg6 9. h4 h5 10. O-O Nd7 11. Re1 Nb6 12. Bb3 Qd7 13. a4 a5 14. c3 O-O-O
15. Bc2 f5 16. b4 axb4 17. a5 Nd5 18. cxb4 Nxb4 19. Bb1 Bxd4 20. Ra4 Bxf2+ 21.
Kxf2 Qxd1 22. Rxd1 Rxd1 23. Rxb4 Rxc1 24. Ne2 Rc5 25. Bd3 Rxa5 0-1

[Event "ICS rated blitz match"]
[Site "204.178.125.65"]
[Date "2000.02.23"]
[Round "?"]
[White "Hossa"]
[Black "kyrios"]
[Result "1-0"]
[WhiteElo "2328"]
[BlackElo "1957"]
[PlyCount "113"]

1. Nf3 c5 2. e4 d6 3. d4 cxd4 4. Nxd4 Nf6 5. Nc3 g6 6. Bb5+ Bd7 7. Bg5 Bg7 8.
Bxd7+ Nbxd7 9. O-O O-O 10. Qf3 Qa5 11. Be3 Ne5 12. Qg3 Nc4 13. Nb3 Qc7 14. Bc1
a6 15. Rd1 b5 16. Nd4 Qb7 17. f3 Qa7 18. Qf2 Rac8 19. a3 Qb7 20. Qh4 Nh5 21.
Nd5 Rfe8 22. Qf2 Nf6 23. Nxf6+ Bxf6 24. Ra2 a5 25. b3 Ne5 26. Bh6 Nc6 27. Ne2
Rc7 28. Rd5 Rec8 29. g3 Ne5 30. Rd2 a4 31. Bf4 axb3 32. cxb3 Nd7 33. Rd5 Nc5
34. b4 Na4 35. Be3 Nc3 36. Nxc3 Rxc3 37. Bd2 Rc2 38. Rxc2 Rxc2 39. Qe3 Qc6 40.
Qd3 Rc4 41. Bh6 Be5 42. Rxe5 Rc1+ 43. Kf2 Qc2+ 44. Qe2 Qxe2+ 45. Kxe2 Rc2+ 46.
Kd3 Rxh2 47. Rxb5 Rxh6 48. Rb7 Rh3 49. Ke3 Rxg3 50. Rxe7 h5 51. Rd7 h4 52. Rxd6
h3 53. Rd2 Rg5 54. Rh2 Rh5 55. Kf4 Kf8 56. Kg3 Rd5 57. exd5 1-0

[Event "ICS Rated blitz match"]
[Site "204.178.125.65"]
[Date "2000.02.23"]
[Round "?"]
[White "Hossa"]
[Black "repla"]
[Result "1-0"]
[WhiteElo "2331"]
[BlackElo "2263"]
[PlyCount "155"]

1. e4 c5 2. c3 d5 3. exd5 Qxd5 4. d4 Nc6 5. Be3 cxd4 6. cxd4 e6 7. Nc3 Qd8 8.
Bb5 Bd6 9. Nf3 Nf6 10. Ne5 Bd7 11. Nxd7 Qxd7 12. Rc1 a6 13. Bxc6 Qxc6 14. O-O
O-O 15. Bg5 Nd5 16. Ne4 Qb6 17. Nxd6 Qxd6 18. Qg4 Kh8 19. a3 Rac8 20. Rfe1 h6
21. Bd2 Rfd8 22. Qh5 Kg8 23. Qh4 Qb6 24. b4 Qb5 25. Rxc8 Rxc8 26. Qg3 Kh8 27.
Qe5 Kh7 28. f3 Qd3 29. Qe4+ Qxe4 30. fxe4 Rc2 31. exd5 Rxd2 32. dxe6 fxe6 33.
Re4 Ra2 34. Rxe6 Rxa3 35. Kf2 Rd3 36. Rd6 Rd2+ 37. Kf3 Kg8 38. h4 Kf7 39. h5 b5
40. g4 Rb2 41. Rxa6 Rxb4 42. Ke4 Rb1 43. Rb6 b4 44. Ke5 b3 45. Rb7+ Kf8 46. Ke6
Re1+ 47. Kd5 Re7 48. Rxb3 Kf7 49. Rb6 Ra7 50. Ke5 Ra1 51. Rc6 Rg1 52. Kf4 Rd1
53. Ke4 Rg1 54. Rg6 Re1+ 55. Kd5 Rc1 56. Kd6 Ra1 57. Kc5 Rc1+ 58. Kd5 Rc2 59.
Ke4 Rc1 60. d5 Rd1 61. Rb6 Rg1 62. Kf3 Rd1 63. Rb7+ Kf6 64. Ke4 Rg1 65. Kf4 Rd1
66. Rb6+ Ke7 67. Ke5 Re1+ 68. Kf5 Rf1+ 69. Kg6 Rf4 70. Kxg7 Rxg4+ 71. Kxh6 Kd7
72. Kh7 Rg5 73. h6 Rxd5 74. Kg6 Rd1 75. h7 Rg1+ 76. Kh6 Rh1+ 77. Kg7 Rg1+ 78.
Rg6 1-0

[Event "ICS rated blitz match"]
[Site "204.178.125.65"]
[Date "2000.02.23"]
[Round "?"]
[White "bulgaria2"]
[Black "Hossa"]
[Result "0-1"]
[WhiteElo "2080"]
[BlackElo "2344"]
[PlyCount "90"]

1. e4 c5 2. Nf3 d6 3. Bb5+ Bd7 4. a4 Bxb5 5. axb5 Nf6 6. Qe2 e6 7. O-O Be7 8.
c3 O-O 9. d4 cxd4 10. cxd4 d5 11. e5 Nfd7 12. Be3 Nb6 13. b3 N8d7 14. Nc3 Qb8
15. Rfc1 Rc8 16. Na4 Bb4 17. Bf4 Rc7 18. Rxc7 Qxc7 19. Rc1 Qd8 20. Nc5 Rc8 21.
Qe3 Qc7 22. h4 Nxc5 23. dxc5 Ba3 24. Ra1 Bxc5 25. Qd3 Nd7 26. Ng5 g6 27. Qg3
Bd4 28. Rc1 Qxc1+ 29. Bxc1 Rxc1+ 30. Kh2 Rc3 31. Qg4 Bxe5+ 32. f4 Nf6 33. Qe2
Bxf4+ 34. Kg1 Rc1+ 35. Kf2 Bxg5 36. hxg5 Ne4+ 37. Ke3 b6 38. Kf4 Rc5 39. b4 Rc7
40. Qa2 Nd6 41. Ke5 Nc4+ 42. Kf6 Kf8 43. Qf2 Nd6 44. Qh4 Ne8+ 45. Ke5 Rc4 0-1

[Event "ICS rated blitz match"]
[Site "204.178.125.65"]
[Date "2000.02.23"]
[Round "?"]
[White "Hossa"]
[Black "bulgaria2"]
[Result "1-0"]
[WhiteElo "2345"]
[BlackElo "2057"]
[PlyCount "53"]

1. Nf3 Nf6 2. d4 e6 3. Bf4 d5 4. e3 Bd6 5. Bxd6 Qxd6 6. c4 dxc4 7. Bxc4 O-O 8.
O-O b6 9. Nc3 Bb7 10. Nb5 Qe7 11. Qe2 a6 12. Nc3 Nbd7 13. Rfd1 b5 14. Bd3 Nb6
15. Rdc1 Rac8 16. a4 b4 17. Nb1 a5 18. Ba6 Bxa6 19. Qxa6 Ra8 20. Qb7 Nbd5 21.
Nbd2 Rfb8 22. Qc6 Qd6 23. e4 Nf4 24. Qc4 b3 25. e5 Rb4 26. exd6 Rxc4 27. Rxc4
1-0

[Event "ICS rated blitz match"]
[Site "204.178.125.65"]
[Date "2000.02.23"]
[Round "?"]
[White "Bannon"]
[Black "Hossa"]
[Result "0-1"]
[WhiteElo "2040"]
[BlackElo "2346"]
[PlyCount "92"]

1. e4 e5 2. f4 exf4 3. Nf3 d6 4. Bc4 h6 5. c3 Be6 6. Bxe6 fxe6 7. Qb3 Qc8 8.
Nd4 e5 9. Ne6 Nf6 10. d3 c6 11. O-O Nbd7 12. Nxf8 Nc5 13. Qc2 Rxf8 14. Nd2 Qg4
15. Nc4 O-O-O 16. b4 Ne6 17. Bd2 Ng5 18. Qd1 f3 19. Rxf3 Nxf3+ 20. Qxf3 Qxf3
21. gxf3 Nh5 22. Kf2 Rf6 23. Be3 Rdf8 24. Nd2 a6 25. a4 Nf4 26. Bxf4 Rxf4 27.
Rg1 g5 28. Rg3 b6 29. Ke2 Kd7 30. d4 exd4 31. cxd4 Rh4 32. h3 b5 33. axb5 axb5
34. Nb1 Ra8 35. Nc3 Ra3 36. Kd2 Rb3 37. d5 Rxb4 38. dxc6+ Kxc6 39. Kd3 Rb2 40.
Nd5 Kc5 41. Rg1 Rb3+ 42. Ke2 Rxh3 43. Rc1+ Kd4 44. Rd1+ Ke5 45. Ne3 Rh2+ 46.
Ke1 Rxe3+ 0-1

[Event "ICS rated blitz match"]
[Site "204.178.125.65"]
[Date "2000.02.23"]
[Round "?"]
[White "Hossa"]
[Black "amaru2"]
[Result "1-0"]
[WhiteElo "2351"]
[BlackElo "2082"]
[PlyCount "53"]

1. Nf3 Nf6 2. g3 d5 3. Bg2 c6 4. O-O Bf5 5. d3 e6 6. c4 Be7 7. cxd5 exd5 8. Bf4
O-O 9. Nbd2 h6 10. Nd4 Bg6 11. N2f3 Qb6 12. Nb3 Nbd7 13. Bd2 a5 14. Rb1 a4 15.
Na1 Rfe8 16. Nc2 c5 17. Bf4 Bd6 18. Bxd6 Qxd6 19. Nh4 Bh7 20. Bh3 Qe5 21. e3 g5
22. f4 Qd6 23. Nf5 Bxf5 24. Bxf5 Kg7 25. Qf3 Rh8 26. fxg5 hxg5 27. Bxd7 1-0

[Event "ICS rated blitz match"]
[Site "204.178.125.65"]
[Date "2000.02.23"]
[Round "?"]
[White "Hossa"]
[Black "HaraldLdahl"]
[Result "1-0"]
[WhiteElo "2362"]
[BlackElo "2092"]
[PlyCount "33"]

1. Nf3 g6 2. d4 Bg7 3. c4 f5 4. e3 Nf6 5. Bd3 O-O 6. h4 Nh5 7. Ng5 d6 8. d5 e5
9. dxe6 h6 10. g4 fxg4 11. Bxg6 Nf6 12. Nf7 Qe7 13. e4 Qxe6 14. Nxh6+ Bxh6 15.
Bxh6 Nxe4 16. Qe2 Rf6 17. Bxe4 1-0

[Event "ICS rated blitz match"]
[Site "204.178.125.65"]
[Date "2000.02.23"]
[Round "?"]
[White "Bannon"]
[Black "Hossa"]
[Result "0-1"]
[WhiteElo "2035"]
[BlackElo "2368"]
[PlyCount "190"]

1. e4 g6 2. d4 Bg7 3. Nf3 d6 4. Bc4 Nf6 5. Qd3 d5 6. exd5 Nxd5 7. Qb3 c6 8. Nc3
e6 9. Ne4 Nb6 10. Bd3 Bxd4 11. Nxd4 Qxd4 12. Be3 Qe5 13. f4 Qg7 14. Nd6+ Kd7
15. Ne4 Kc7 16. Bc5 Rd8 17. Qa3 Rd7 18. Bd6+ Kd8 19. Be5 Qh6 20. Qc5 Nd5 21.
O-O b6 22. Qa3 a5 23. Rad1 c5 24. Bb5 Ba6 25. Bxa6 Nxa6 26. c4 Ndb4 27. Qa4 Rd4
28. a3 Ke7 29. Bxd4 cxd4 30. axb4 Nxb4 31. Rxd4 Kf8 32. Rd7 Qg7 33. Qd1 Qxb2
34. Rxf7+ Kxf7 35. Qd7+ Kg8 36. Ng5 Qg7 37. Qxe6+ Kh8 38. f5 Qd4+ 39. Kh1 gxf5
40. Qe7 Qg7 41. Qe6 Qxg5 42. Qe5+ Qg7 43. Qxf5 Qd4 44. Qb5 Rc8 45. h3 Rg8 46.
Qf5 Nd3 47. Qf6+ Qxf6 48. Rxf6 Rg6 49. Rf8+ Kg7 50. Rb8 h5 51. Rd8 Nf4 52. Rd2
Kh6 53. Kh2 h4 54. Rf2 Rf6 55. Rf3 Nh5 56. Rb3 Ng3 57. Rb1 Rf1 58. Rxf1 Nxf1+
59. Kg1 a4 60. Kf2 a3 61. Kxf1 a2 62. Ke2 a1=Q 63. Kd3 Qf1+ 64. Kd4 Qxg2 65.
Ke5 Qxh3 66. Kd6 Qe6+ 67. Kxe6 Kg5 68. Kd6 Kf5 69. Kc6 h3 70. Kxb6 h2 71. c5
h1=Q 72. Kc7 Ke6 73. Kb6 Kd5 74. Kb5 Qb1+ 75. Ka6 Qg6+ 76. Kb5 Qf6 77. Kb4 Qb2+
78. Ka4 Qc2+ 79. Kb4 Qd2+ 80. Kb5 Qh2 81. c6 Qb2+ 82. Ka5 Qa3+ 83. Kb6 Qb3+ 84.
Kc7 Ke6 85. Kc8 Qb6 86. c7 Qa6+ 87. Kb8 Qb5+ 88. Ka8 Qa5+ 89. Kb8 Qb4+ 90. Ka8
Qa4+ 91. Kb7 Qb3+ 92. Ka7 Kd7 93. c8=Q+ Kxc8 94. Ka6 Qb4 95. Ka7 Qa5# 0-1

[Event "ICS rated blitz match"]
[Site "204.178.125.65"]
[Date "2000.02.23"]
[Round "?"]
[White "Bannon"]
[Black "Hossa"]
[Result "0-1"]
[WhiteElo "2027"]
[BlackElo "2376"]
[PlyCount "164"]

1. e4 c6 2. d4 d5 3. Nd2 dxe4 4. Nxe4 Nf6 5. Nxf6+ exf6 6. Be3 Be7 7. g3 Qb6 8.
Qc1 O-O 9. Bg2 Re8 10. Ne2 Qa5+ 11. c3 Bg4 12. Nf4 g5 13. Nd3 Qf5 14. Qd2 Bf3
15. Bxf3 Qxf3 16. O-O Nd7 17. Rae1 g4 18. Qe2 Qxe2 19. Rxe2 Bd6 20. Rfe1 Re7
21. Bf4 Rae8 22. Rxe7 Bxe7 23. Bd6 Kf8 24. Bf4 Kg8 25. Bh6 f5 26. Nc5 Nxc5 27.
dxc5 f6 28. b4 Kf7 29. Rd1 Rd8 30. Rxd8 Bxd8 31. Kf1 Bc7 32. Ke2 Kg6 33. Bf4
Bxf4 34. gxf4 h5 35. a4 h4 36. b5 a5 37. Kd3 Kf7 38. c4 Ke6 39. Ke2 Ke7 40. Kf1
Kf7 41. Kg2 Kg7 42. Kf1 Kg8 43. h3 Kf7 44. Kg1 Ke7 45. Kg2 Ke8 46. Kh1 Kf8 47.
Kh2 Kg8 48. Kh1 Kg7 49. Kg1 Kh7 50. Kg2 Kg6 51. Kh1 Kh6 52. Kh2 Kg6 53. Kh1 Kh6
54. Kg1 Kg7 55. Kf1 Kg8 56. Kg2 Kh7 57. Kh1 Kg8 58. hxg4 fxg4 59. Kg2 Kg7 60.
f5 Kh6 61. f4 Kg7 62. Kf2 Kf8 63. Kg2 Kf7 64. Kg1 Ke7 65. Kf2 Ke8 66. Kg2 h3+
67. Kg3 Ke7 68. Kh2 Kf7 69. Kg3 Kf8 70. Kh2 Ke7 71. Kg3 Ke8 72. Kh2 Kf8 73. Kg3
Kg7 74. Kh2 Kh6 75. Kg3 Kh5 76. Kf2 Kh4 77. Kg1 Kg3 78. Kh1 Kf2 79. Kh2 g3+ 80.
Kxh3 g2 81. Kh4 g1=Q 82. Kh5 Qg7 0-1

[Event "ICS rated blitz match"]
[Site "204.178.125.65"]
[Date "2000.02.23"]
[Round "?"]
[White "Hossa"]
[Black "Bannon"]
[Result "1-0"]
[WhiteElo "2380"]
[BlackElo "2022"]
[PlyCount "37"]

1. e4 c5 2. f4 Nc6 3. Nc3 e6 4. Nf3 d5 5. exd5 exd5 6. Bb5 Nf6 7. Ne5 Bd7 8.
O-O Bd6 9. Nxd7 Qxd7 10. Re1+ Kd8 11. d4 cxd4 12. Bxc6 Qxc6 13. Ne2 Re8 14.
Nxd4 Bc5 15. c3 Bxd4+ 16. cxd4 Rxe1+ 17. Qxe1 Qc2 18. Be3 Rc8 19. Qb4 1-0

[Event "ICS rated blitz match"]
[Site "204.178.125.65"]
[Date "2000.02.23"]
[Round "?"]
[White "BDrag"]
[Black "Hossa"]
[Result "0-1"]
[WhiteElo "2249"]
[BlackElo "2384"]
[PlyCount "86"]

1. e4 d6 2. d4 Nf6 3. Nc3 g6 4. Nf3 Bg7 5. Be2 Bg4 6. O-O O-O 7. Be3 e5 8. h3
exd4 9. Bxd4 Bxf3 10. Bxf3 Nc6 11. Be3 Nd7 12. Be2 Bxc3 13. bxc3 Re8 14. Bd3
Nc5 15. f3 Na4 16. Qd2 Qf6 17. c4 Nc3 18. Kh1 Qe5 19. Qf2 Qg7 20. Bg5 Nb4 21.
a3 Nc6 22. Be3 b6 23. Rae1 Re5 24. Bd2 Rh5 25. Re3 Ra5 26. Qe1 Rxa3 27. Be2
Nxe2 28. Rxa3 Ncd4 29. Be3 Nxc2 30. Qxe2 Nxa3 31. Qa2 Qc3 32. Bh6 g5 33. Bxg5
Qxc4 34. Qf2 Qe6 35. Qg3 Qg6 36. Qh4 Nc4 37. f4 Qxe4 38. Bf6 Ne3 39. Rf3 Qb1+
40. Kh2 Nf1+ 41. Kh1 Nd2+ 42. Kh2 Nxf3+ 43. gxf3 Re8 0-1

[Event "ICS rated blitz match"]
[Site "204.178.125.65"]
[Date "2000.02.23"]
[Round "?"]
[White "Hossa"]
[Black "BDrag"]
[Result "1-0"]
[WhiteElo "2394"]
[BlackElo "2239"]
[PlyCount "57"]

1. e4 c5 2. Nc3 Nc6 3. g3 g6 4. Bg2 Bg7 5. f4 e6 6. Nf3 Nge7 7. e5 O-O 8. h4 h5
9. Ne4 Nf5 10. Nfg5 d5 11. exd6 b6 12. g4 hxg4 13. Nh7 Kxh7 14. Ng5+ Kg8 15.
Bxc6 Rb8 16. Qxg4 Qxd6 17. Ba4 Bb7 18. Rg1 Rbd8 19. d3 Nd4 20. c3 b5 21. cxd4
bxa4 22. dxc5 Qxd3 23. Rg3 Qd4 24. h5 Qxc5 25. hxg6 fxg6 26. Qxe6+ Rf7 27.
Qxf7+ Kh8 28. Rh3+ Bh6 29. Rxh6# 1-0

[Event "ICS rated blitz match"]
[Site "204.178.125.65"]
[Date "2000.02.23"]
[Round "?"]
[White "bulgaria2"]
[Black "Hossa"]
[Result "0-1"]
[WhiteElo "2113"]
[BlackElo "2403"]
[PlyCount "88"]

1. e4 e6 2. d4 a6 3. Bd3 c5 4. c3 d5 5. e5 cxd4 6. cxd4 Nc6 7. Nf3 Bd7 8. O-O
Rc8 9. a3 Nge7 10. b4 Ng6 11. Be3 Be7 12. Nbd2 a5 13. b5 Na7 14. Qb3 Qb6 15. a4
O-O 16. Ne1 Bb4 17. Bb1 Bc3 18. Ra2 Bxd4 19. Bxd4 Qxd4 20. Ndf3 Qc4 21. Qb2
Rfd8 22. Qd2 b6 23. h4 Nxh4 24. Qg5 Nxf3+ 25. Nxf3 h6 26. Qh5 Qf4 27. g3 Qc4
28. Kg2 Kf8 29. Rh1 Ke8 30. Rd2 Qxa4 31. Rd4 Rc4 32. Rhh4 Bxb5 33. Rhf4 Rd7 34.
Qg4 Rxd4 35. Rxd4 Qb3 36. Qxg7 Bf1+ 37. Kxf1 Qxb1+ 38. Kg2 Qg6 39. Qh8+ Ke7 40.
Rh4 Rd8 41. Qf6+ Qxf6 42. exf6+ Kxf6 43. Rxh6+ Kg7 44. Rh4 Nc6 0-1

[Event "ICS rated blitz match"]
[Site "204.178.125.65"]
[Date "2000.02.23"]
[Round "?"]
[White "peteleco"]
[Black "Hossa"]
[Result "0-1"]
[WhiteElo "2050"]
[BlackElo "2411"]
[PlyCount "46"]

1. d4 e6 2. c4 d5 3. Nc3 Nf6 4. Nf3 Bb4 5. a3 Bxc3+ 6. bxc3 dxc4 7. Qc2 O-O 8.
e4 b5 9. a4 c6 10. Ne5 Bb7 11. Ba3 Re8 12. Be2 c5 13. Bf3 cxd4 14. cxd4 Bxe4
15. Bxe4 Qxd4 16. O-O Nxe4 17. Nf3 Qd3 18. Qxd3 cxd3 19. axb5 Nc3 20. Ne5 d2
21. Bc5 Rd8 22. b6 axb6 23. Rxa8 d1=Q 0-1

[Event "ICS rated blitz match"]
[Site "204.178.125.65"]
[Date "2000.02.23"]
[Round "?"]
[White "Hossa"]
[Black "star"]
[Result "1/2-1/2"]
[WhiteElo "2415"]
[BlackElo "2614"]
[PlyCount "155"]

1. Nf3 Nf6 2. g3 b5 3. Bg2 Bb7 4. O-O e5 5. Nxe5 Bxg2 6. Kxg2 Bd6 7. Nf3 Nc6 8.
d4 O-O 9. Bg5 Re8 10. Kg1 h6 11. Bxf6 Qxf6 12. Nc3 b4 13. Nb5 a6 14. Nxd6 cxd6
15. a3 Rab8 16. b3 a5 17. d5 Ne5 18. Nd2 a4 19. bxa4 Rec8 20. axb4 Rxb4 21. c3
Rxc3 22. Rb1 Rxb1 23. Qxb1 Qd8 24. Ne4 Rc4 25. Nxd6 Rxa4 26. Qb2 Qf6 27. Qb8+
Kh7 28. Qb5 Ra8 29. Qb7 Ra4 30. Qb1+ Ng6 31. Nf5 Qe5 32. Ne3 d6 33. Rc1 Qd4 34.
Rd1 Rb4 35. Qf5 Qa7 36. Rc1 Rb2 37. Re1 Qc7 38. Nd1 Qc1 39. Rf1 Rxe2 40. Qxf7
Qc8 41. Ne3 Ne5 42. Qf5+ Qxf5 43. Nxf5 Nc4 44. Rc1 Re5 45. g4 g6 46. Rxc4 gxf5
47. gxf5 Rxd5 48. Rc7+ Kg8 49. Rd7 Kf8 50. f6 Rg5+ 51. Kf1 d5 52. f3 Rf5 53.
Kf2 Ke8 54. Rd6 Rh5 55. Kg3 Rg5+ 56. Kf4 Rh5 57. h3 Kf7 58. Kg4 Rg5+ 59. Kh4
Rf5 60. Kg3 Rg5+ 61. Kf2 Rh5 62. f4 Rxh3 63. Rxd5 Kxf6 64. Kg2 Rc3 65. Rb5 Rd3
66. Re5 Rb3 67. Kf2 Rh3 68. Re3 Rh1 69. Kg2 Rd1 70. Re5 Rd3 71. Rc5 Kg6 72. f5+
Kf6 73. Rc6+ Kxf5 74. Rxh6 Rc3 75. Kh2 Ke4 76. Kg2 Kd5 77. Kh1 Rc2 78. Kg1
1/2-1/2

[Event "ICS rated blitz match"]
[Site "204.178.125.65"]
[Date "2000.02.23"]
[Round "?"]
[White "PostModernist"]
[Black "Hossa"]
[Result "1/2-1/2"]
[WhiteElo "2485"]
[BlackElo "2423"]
[PlyCount "99"]

1. c4 e6 2. g3 Nf6 3. Nf3 Nc6 4. Bg2 d5 5. b3 d4 6. O-O Be7 7. e3 d3 8. Bb2 O-O
9. Ne5 Nxe5 10. Bxe5 Nd7 11. Bb2 Nc5 12. Qh5 Re8 13. Re1 Bd7 14. Bd4 g6 15. Qd1
Bc8 16. Qf3 f6 17. Nc3 Nd7 18. Na4 Ba3 19. Qe4 e5 20. Bb2 Bxb2 21. Qd5+ Kh8 22.
Nxb2 Nf8 23. Qxd3 Ne6 24. Qe2 Rb8 25. b4 Qe7 26. b5 Ng5 27. h4 Nf7 28. h5 Qa3
29. hxg6 hxg6 30. d3 Kg7 31. Red1 Ng5 32. Kf1 Ra8 33. Ke1 Rh8 34. Rd2 Rh2 35.
f4 Bh3 36. fxg5 Rxg2 37. Qf3 Rxd2 38. Qxf6+ Kg8 39. Qxg6+ Kh8 40. Qh6+ Kg8 41.
Qg6+ Kh8 42. Qf6+ Kh7 43. g6+ Kh6 44. g7+ Kh7 45. Qf7 Re2+ 46. Kd1 Re1+ 47. Kc2
Re2+ 48. Kd1 Re1+ 49. Kc2 Re2+ 50. Kd1 1/2-1/2

[Event "ICS rated blitz match"]
[Site "204.178.125.65"]
[Date "2000.02.23"]
[Round "?"]
[White "Hossa"]
[Black "PostModernist"]
[Result "0-1"]
[WhiteElo "2426"]
[BlackElo "2482"]
[PlyCount "130"]

1. e4 c6 2. d4 d5 3. Nc3 dxe4 4. Nxe4 Nd7 5. Bc4 Ngf6 6. Ng5 e6 7. Qe2 Nb6 8.
Bd3 h6 9. N5f3 c5 10. dxc5 Bxc5 11. Ne5 Nbd7 12. Ngf3 Qc7 13. O-O O-O 14. Bf4
Bd6 15. Nxd7 Bxd7 16. Bxd6 Qxd6 17. Rad1 Qb6 18. c4 Rfd8 19. Ne5 Bc6 20. Rd2
Be4 21. Bxe4 Rxd2 22. Qxd2 Nxe4 23. Qd7 Rf8 24. Qd3 Nf6 25. Qa3 Qd4 26. Nf3
Qxc4 27. Qxa7 Qb5 28. Qa3 Rc8 29. Nd4 Qb6 30. Nb3 Rc2 31. Qa8+ Kh7 32. Qf8 Kg6
33. Qe7 Ne4 34. Qh4 f5 35. Qf4 Rxb2 36. g4 Rxa2 37. Nc1 Rd2 38. Qf3 Ng5 39.
gxf5+ exf5 40. Qg2 Rd4 41. Kh1 Qb5 42. f3 Rd2 43. Ne2 Rxe2 44. Qg1 Kh7 45. h4
Nxf3 46. Rxf3 Qb4 47. Rf2 Qxh4+ 48. Kg2 Rxf2+ 49. Qxf2 Qxf2+ 50. Kxf2 g5 51.
Kf3 b5 52. Ke2 f4 53. Kd3 g4 54. Kd4 f3 55. Kc3 f2 56. Kb4 g3 57. Kc5 f1=Q 58.
Kd4 h5 59. Ke4 g2 60. Kd5 Qc4+ 61. Ke5 g1=Q 62. Kd6 Qgc5+ 63. Kd7 Qf7+ 64. Kd8
Qce7+ 65. Kc8 Qc7# 0-1